Word Ladder: Persistence of Memory Quiz Stats

 Plays Quiz Updated Mar 1, 2015

Challenge
Share
Tweet
Embed
Score 0/13 Timer 01:30
1 Play Today
Clue 4-Letter Word % Correct
Having XY chromosomesMALE
96.8%
⌚ Formed, produced ⌚⌚ MADE ⌚
95%
⌚ What ice will do near heat ⌚⌚ MELT ⌚
95%
⌚ Surrealist artist Salvador ⌚⌚ DALÍ ⌚
94.5%
To domesticate a wild animalTAME
94.4%
⌚ Greenwich Mean or Daylight Saving ⌚⌚ TIME ⌚
93.8%
West African countryMALI
93.7%
Scrabble letter pieceTILE
90.2%
What you do after you 'show'TELL
89.1%
RenownFAME
88.6%
To diminish in brightnessFADE
88.5%
To plow soil for cropsTILL
87.9%
Paired with 'pell' to mean disorderlyMELL
87.4%

Today's Daily Dose

You're not logged in!

Compare scores with friends on all Sporcle quizzes.
Join for Free
OR
Log In

You Might Also Like...

Show Comments

Extras

Top Quizzes Today


Score Distribution

Your Account Isn't Verified!

In order to create a playlist on Sporcle, you need to verify the email address you used during registration. Go to your Sporcle Settings to finish the process.

Report this User

Report this user for behavior that violates our Community Guidelines.

Details: